000 00590nam a2200181 i 4500
001 144754
003 ES-MaACL
005 20230906201106.0
007 t|
008 070214s1945 sp r ||||1| spa d
080 _a839.72-311.2"19"=6
100 1 _aSillanpää, Frans Eemil (
_d1888-1964)
_9174467
245 1 0 _aSilja :
_bun breve destino de mujer /
_cFrans Emil Sillanpää ; [versión española de Fabricio Valserra].
260 _aBarcelona :
_bLuis de Caralt,
_c1945.
300 _a290 p. :
_bil. ;
_c19 cm.
700 1 _aValserra, Fabricio.
_9112988
852 4 _aES-MaACL
_jB-10036
999 _c144754
_d144754